000
00312 a2200157 4500
001
73751
020
_a
040
_c
Anchieta - Colégio São Paulo
100
_a
Leão Edinara
240
1
0
_a
Limiar
_l
por
245
1
0
_a
Limiar
300
_a
84
362
0
_a
2006
650
4
_a
Poesia brasileira
942
_c
BK
999
_c
73751
_d
73751